000 00425nam a2200181Ia 4500
001 19552
005 20260306172701.0
008 260306t2013||||xx |||||||||||||| ||spa||
041 _aESP
082 _a340.4
_bF52 T. 5
100 _aFinnis, John
_eAUT
245 0 _aReligion and public reasons
260 _c2013
300 _ax, 424 páginas :
_c23 cm.
650 _aGEN
654 _aCDE
942 _cLIB
_dJUS
_fJUS
_2ddc
_n
999 _c19552
_d19552